Statistics for *Ridiculous Riddles #04*

Click here to take the quiz!

General Stats

  • This quiz has been taken 1,639 times
  • The average score is 4 of 10

Answer Stats

# Riddle Answer % Correct
02.Mary's father has 4 children; three are named Nana, Nene, and Nini. So what is is the 4th child's name?Mary
96%
06.What word in the English language is always spelled incorrectly?"incorrectly"
80%
09.Your mother's brother's only brother-in-law is asleep on your couch. Who is asleep on your couch?Your "dad" / "father"
61%
03.From what heavy seven-letter word can you take away two letters and have eight left?Freight/Weights
47%
05.Have you heard the saying what goes up must come down? Well what goes up and never goes down?Your age
28%
08.Here on earth it is always true, that a day follows a day. But there is a place where yesterday always follows today. What am I.The "dictionary"
19%
01.What do you get when you cross an automobile with a household animal?A "carpet"
18%
10.What kind of room has no windows or doors?"mushroom"
18%
07.I can sizzle like bacon, I am made with an egg, I have plenty of backbone but lack a good leg, I peel layers like onions but still remain whole, I can be long like a flag pole yet fit in a hole. What am I?A "snake"
17%
04.What word looks the same upside down and backwards?"NOON" / "SWIMS"
12%

Score Distribution

Percentile by Number Answered

Percent of People with Each Score

Your Score History

You have not taken this quiz